Pokemon Anime Characters - Statistics

General Stats
  • This quiz has been taken 513 times
  • The average score is 15 of 20
Answer Stats
Hint Answer % Correct
Loyal Electric Mouse Pokemon Pikachu
97%
Former Pewter City Gym Leader Brock
94%
Cerulean Gym Leader Misty
94%
Wants to be a Pokemon Master Ash Ketchum
91%
World Famous Kanto Pokemon Professor Professor Oak
91%
Blue Haired Girl with an Overconfident Piplup Dawn
85%
Her Father is a Hoenn Gym Leader May
82%
Dark Skinned Dragon Specialist Iris
78%
A little girl who travels with Dedenne Bonnie
76%
Little Boy who is too smart for his age Max
76%
Lumiose Gym Leader and Inventor Clemont
73%
Formerly Scared of Touching Pokemon Lillie
71%
Pokemon Performer of Kalos Serena
71%
Green Haired Gym Leader of Unova Cilan
67%
Blue Haired Alolan Water Specialist Lana
60%
Pokemon Professor of Alola Professor Kukui
60%
Green Haired Alolan Native Mallow
59%
Dark Skinned Overenthusiastic Fire Specialist Kiawe
58%
Arrogant Rebellious Teen with Silvally Gladion
54%
Alolan Tech Kid with a Togedemaru Sophocles
52%
No matching quizzes found
Score Distribution
Percent of People with Each Score
Percentile by Number Answered
Your Score History
You have not taken this quiz